000 01585cam a2200361 i 4500
999 _c234409
_d234409
001 2775621
003 Nust
005 20170320135342.0
008 800814s1980 dcua b i001 0 eng
010 _a 80121527
020 _a817473310-8
040 _aDLC
_cASAB
_dDLC
041 1 _aengspa
050 0 0 _aRA10
_b.P252 no. 354
_aRC113.5
082 0 0 _a362.1/09181/2 s
_a616.9
_219
100 1 _aAcha, Pedro N.
240 1 0 _aZoonoses
_lEnglish
245 1 0 _aZoonoses and communicable diseases common to man and animals /
_cPedro N. Acha, Boris Szyfres.
250 _a3rd edition
260 _aWashington, D.C. :
_bPan American Health Organization, Pan American Sanitary Bureau, Regional Office of the World Health Organization,
_c2006
300 _axv, 700 p. :
_bill. ;
_c24 cm.
490 1 _aScientific publication - Pan American Health Organization ; no. 354
500 _aTranslation of Zoonoses y enfermedades transmisibles comunes al hombre y a los animales.
504 _aIncludes bibliographies and index.
650 0 _aZoonoses.
650 0 _aCommunicable diseases.
650 0 _aCommunicable diseases in animals.
700 1 _aSzyfres, Boris,
_ejoint author.
710 2 _aPan American Health Organization.
830 0 _aPublicaciones científicas (Washington, D.C.) ;
_vno. 354.
906 _a7
_bcbc
_corignew
_d2
_encip
_f19
_gy-gencatlg
942 _2ddc
_cBK